000 00814nam a2200217 i 4500
001 171242
003 ES-MaACL
005 20250808062757.0
008 090506s1963 sp |||| | spa d
017 _aM 9485-1963
100 0 _aBruyne, Edgar de.
_932240
245 1 0 _aHistoria de la estética /
_cpor Edgar de Bruyne ; traducción de Armando Suárez.
260 _aMadrid :
_bLa Editorial Católica,
_c1963.
300 _a2 v. ;
_c20 cm.
490 1 _aBiblioteca de autores cristianos ;
_v227, 228
505 8 _aContiene : I. La antigüedad griega y romana (XI, 486 p.) ; II. La antigüedad cristiana. La Edad media (X, 776 p.)
700 0 _aSuárez, Armando.
_9108544
830 0 0 _aBiblioteca de autores cristianos
_v227, 228
_9178679
852 _aES-MaACL
_jJ-222-23
_9R.46092
999 _c171242
_d171242